Anatomy of the Taste Bud on a Click Map - Statistics

General Stats
  • This quiz has been taken 105 times
  • The average score is 4 of 8
Answers on the Map
Answers color-coded by a green-red scale on the quiz's map according to % correct below.
 
Answer Stats
Answer % Correct
Gustatory Nerve
68%
Tongue Epithelium
55%
Taste Receptor Cells
54%
Supporting Cell
50%
Taste Pore
48%
Basal Cells
45%
Microvilli
41%
Transmitters
41%
No matching quizzes found
Score Distribution
Percent of People with Each Score
Percentile by Number Answered
Your Score History
You have not taken this quiz